| 000 | 00366 a2200109 4500 | ||
|---|---|---|---|
| 001 | ART_39996 | ||
| 005 | 20260410161805.0 | ||
| 008 | 260409a | ||
| 245 | 1 | 0 | _aTemas de "última generación" sobre el fideicomiso en la nueva codificación |
| 100 | 1 | _aPapa, Rodolfo G. | |
| 773 | 0 |
_tDoctrina Societaria y Concursal _g- Nº 345 (ago. 2016) _wREV4298 |
|
| 999 |
_c20902 _d20902 |
||